书目信息 |
| 题名: |
社会主义商品经济和价值规律
|
|
| 作者: | 谷书堂 著 | |
| 分册: | ||
| 出版信息: | 上海 上海人民出版社 1985 |
|
| 页数: | 218页 | |
| 开本: | 21cm | |
| 丛书名: | ||
| 单 册: | ||
| 中图分类: | F045.1 | |
| 科图分类: | ||
| 主题词: | 社会主义经济-商品经济--研究 , 商品经济-社会主义经济--研究 , 社会主义经济-价值规律--研究 , 价值规律-社会主义经济--研究 | |
| 电子资源: | ||
| ISBN: | ||
| 000 | 00808nam0 2200277 45 | |
| 001 | 0185019302 | |
| 005 | 20040421093337.5 | |
| 010 | @dCNY1.20 | |
| 091 | @a4074.584 | |
| 100 | @a19951018d1985 em y0chiy0121 ea | |
| 101 | 0 | @achi |
| 102 | @aCN@b310000 | |
| 105 | @ay z 000yy | |
| 106 | @ar | |
| 200 | 10 | @a社会主义商品经济和价值规律@Ashe hui zhu yi shang pin jing ji he jia zhi gui lu@f谷书堂等著 |
| 210 | @a上海@c上海人民出版社@d1985 | |
| 215 | @a218页@d21cm | |
| 606 | @a社会主义经济-商品经济@x研究 | |
| 606 | @a商品经济-社会主义经济@x研究 | |
| 606 | @a社会主义经济-价值规律@x研究 | |
| 606 | @a价值规律-社会主义经济@x研究 | |
| 690 | @aF045.1@v3 | |
| 701 | 0 | @a谷书堂@4著@Agu shu tang |
| 801 | 0 | @aCN@b深圳图书馆@c20040421 |
| 801 | 2 | @aCN@bNLC@c20040421 |
| 905 | @f1@b156119@dF045.1@e63 | |
| 社会主义商品经济和价值规律/谷书堂等著.-上海:上海人民出版社,1985 |
| 218页;21cm |
| ISBN :CNY1.20 |
| ● |
| 相关链接 |
|
|
|
|
正题名:社会主义商品经济和价值规律
索取号:F045.1/63
 
预约/预借
| 序号 | 登录号 | 条形码 | 馆藏地/架位号 | 状态 | 备注 |
| 1 | 0156119 | 000192543 | 第一借阅区/ [索取号:F045.1/63] | 在馆 | |
| 2 | 0156120 | 002060600 | 第一样本阅览室/ [索取号:F045.1/63] | 在馆 |